Équipes - Euro 1988 - Statistiques

Statistiques générales
  • Ce quiz a été pris 38 fois
  • Le résultat moyen est 7 sur 8
Statistiques - réponses
Squadra % Correct
Allemagne de l'Ouest
100%
Pays-Bas
100%
Espagne
97%
Italie
97%
Danemark
94%
Angleterre
91%
Union soviétique
91%
Irlande
65%
Aucun quiz correspondant
Distribution des résultats
% des personnes avec chaque résultat
Percentile par nombre de réponses
Votre historique - résultats
Vous n’avez pas pris ce quiz